Κατάλογος Βιβλιοθηκών Mediterranean College

Πόλη και Πολεοδομικές Πρακτικές / Για τη Βιωσιμή Αστική Ανάπτυξη (Record no. 2962)

MARC details
000 -LEADER
fixed length control field 02465cam a22002414a 4500
005 - ΗΜΕΡΟΜΗΝΙΑ ΚΑΙ ΩΡΑ ΤΕΛΕΥΤΑΙΑΣ ΕΝΗΜΕΡΩΣΗΣ
Πεδίο ελέγχου 20250605164059.0
008 - FIXED-LENGTH DATA ELEMENTS--GENERAL INFORMATION
Πεδίο ελέγχου σταθερού μήκους 250528s ||||||||||||||||||||||||d
035 ## - SYSTEM CONTROL NUMBER
System control number 17558
020 ## - ISBN
ISBN 9789602185490
040 ## - ΠΗΓΗ ΚΑΤΑΛΟΓΟΓΡΑΦΗΣΗΣ
Φορέας πρωτότυπης καταλογογράφησης MC Athens Campus Library
Γλώσσα καταλογογράφησης Ελληνικά, Μοντέρνα (1453-)
Modifying agency MC Athens Campus Library
Κανόνες περιγραφικής καταλογογράφησης AACR2
245 1# - ΤΙΤΛΟΣ ΚΑΙ ΔΗΛΩΣΗ ΥΠΕΥΘΥΝΟΤΗΤΑΣ
Τίτλος Πόλη και Πολεοδομικές Πρακτικές / Για τη Βιωσιμή Αστική Ανάπτυξη
250 ## - EDITION STATEMENT
Edition statement
260 ## - PUBLICATION, DISTRIBUTION, ETC.
Name of publisher, distributor, etc. Κριτική,
Date of publication, distribution, etc. 2007
300 ## - PHYSICAL DESCRIPTION
Extent 392
520 ## - SUMMARY, ETC.
Summary, etc. Το παρόν βιβλίο είναι αποτέλεσμα της κοινής προσπάθειας των συγγραφέων να παρουσιάσουν σ'ένα ενιαίο πλαίσιο τις βασικές συνιστώσες των αντιλήψεων και πρακτικών που αναφέρονται στον χωρικό σχεδιασμό των πόλεων. Πρόλογος και Ευχαριστίες, Πόλη και Σχεδιασμός: Οι Βασικές Συνιστώσες, Χωρικός Σχεδιασμός και Αστική Ανάπτυξη: Συνοπτική Ιστορική Αναδρομή, Αστικά Προβλήματα και Αστική Διακυβέρνηση: Οι Βασικές Συνιστώσες, Πολεοδομικός Σχεδιασμός και Χρήσεις Γης, Χρήσεις Γης και Σύστημα Μεταφορών, Πολιτικές Αστικών Μεταφορών, Αστική Κινητικότητα, Βιώσιμη Αστική Ανάπτυξη στην Ευρωπαϊκή Ένωση, Στρατηγικός Χωρικός Σχεδιασμός: Τα Παραδείγματα της Πράγας και της Βαρκελώνης,Τα Σχέδια ως Εργαλεία Πολεοδομικού Σχεδιασμού και Ρύθμισης των Χρήσεων Γης, Δίκτυα Κυκλοφορίας, Κυκλοφοριακές Μελέτες σε Αστικές Περιοχές, Αστικές Παρεμβάσεις στην Ελλάδα, Το Παρόν και το Μέλλον του Χωρικού Σχεδιασμού για μια Βιώσιμη Αστική Ανάπτυξη.
700 1# - ΠΡΟΣΘΕΤΗ ΑΝΑΓΡΑΦΗ--ΦΥΣΙΚΟ ΠΡΟΣΩΠΟ
Personal name Ανδρικοπούλου Ελένη
9 (RLIN) 3708
700 1# - ΠΡΟΣΘΕΤΗ ΑΝΑΓΡΑΦΗ--ΦΥΣΙΚΟ ΠΡΟΣΩΠΟ
Personal name Γιαννάκου Αθήνα
9 (RLIN) 3709
700 1# - ΠΡΟΣΘΕΤΗ ΑΝΑΓΡΑΦΗ--ΦΥΣΙΚΟ ΠΡΟΣΩΠΟ
Personal name Καυκαλάς Γρήγορης
9 (RLIN) 3710
700 1# - ΠΡΟΣΘΕΤΗ ΑΝΑΓΡΑΦΗ--ΦΥΣΙΚΟ ΠΡΟΣΩΠΟ
Personal name Πιτσιαβα-Λατινοπούλου Μάγδα
9 (RLIN) 3711
942 ## - ADDED ENTRY ELEMENTS (KOHA)
Koha item type Books
Holdings
Τύπος τεκμηρίου Βιβλιοθήκη Τρέχουσα τοποθεσία Barcode Αριθμός εισαγωγής Ημερομηνία απόκτησης Ταξιθετικό σύμβολο Αριθμός αντιτύπου Κατάσταση απόσυρσης Κατάσταση χαμένου Κατάσταση κατεστραμμένου Μη δανεισμός Σύνολο δανεισμών Ημερομηνία τελευταίας εμφάνισης Η τιμή ισχύει από
Books MC Athens Campus Library MC Athens Campus Library 9780000029614 5769 05/06/2025 307.76 AND 1           05/06/2025 05/06/2025

MC Athens Campus Library
Πατησίων 94 & Κοδριγκτώνος 13, 104 34
Πελλήνης 8 & Πατησίων 107, 112 51
Τ: +30 210 8899600

MC Thessaloniki Campus Library
Ίωνος Δραγούμη 21, 54625 | Ίωνος Δραγούμη 15, 54625
Τ: +30 2310 287779 – Τ: +30 2314 440300